000 00899cam a2200241 4500
001 agr68000090
003 DLC
005 20260227111029.0
008 691209s1968 dcua 000 0 eng c
010 _aagr68000090
040 _aU.S. Nat'l Agr. Libr.
_cDLC
_dDLC
050 1 0 _aTX7
_b.U6 no. 132
070 0 _a1Ag84Hg no. 132
110 1 _aUnited States.
_bAgricultural Research Service.
_bCrops Research Division.
245 1 0 _aGrowing magnolias
_c[prepared by Crops Research Division, and Entomology Research Division, Agricultural Research Service.
260 _aWashington,
_bU.S. Govt. Print. Off.,
_c1968.
300 _a8 p.
_billus.
_c24 cm.
490 1 _aUnited States. Dept. of Agriculture. Home and garden bulletin
_vno. 132
650 0 _aMagnolias.
650 3 _aMagnolia.
710 1 _aUnited States.
_bEntomology Research Division.
830 0 _aHome and garden bulletin ;
_vno. 132.
999 _c12399
_d12399